[Event "AUT-ch Blitz"]
[Site "Innsbruck"]
[Date "2025.06.21"]
[Round "5"]
[White "Kummer, Helmut"]
[Black "Lomsadze, Irakly"]
[Result "1-0"]
[WhiteElo "2195"]
[BlackElo "2032"]
[PlyCount "91"]
[EventDate "2025.06.21"]
[EventType "swiss (blitz)"]
[EventRounds "11"]
[EventCountry "AUT"]
[SourceTitle "CB26_2025"]
[SourceDate "2025.06.25"]
[SourceVersion "1"]
[SourceVersionDate "2025.06.25"]
[SourceQuality "1"]

1. d4 Nf6 2. c4 e6 3. Nf3 d5 4. Nc3 c5 5. cxd5 Nxd5 6. e4 Nxc3 7. bxc3 cxd4 8. cxd4 Bb4+ 9. Bd2 Bxd2+ 10. Qxd2 0-0 11. Bc4 b6 12. 0-0 Bb7 13. Rfe1 Nd7 14. d5 exd5 15. Bxd5 Bxd5 16. exd5 Re8 17. Rxe8+ Qxe8 18. Re1 Qf8 19. Ne5 Nxe5 20. Rxe5 Re8 21. Rxe8 Qxe8 22. d6 Kf8 23. d7 Qd8 24. Qd6+ Kg8 25. h4 h6 26. h5 f6 27. g4 Kf7 28. f4 Kg8 29. Kf2 Kf7 30. Kg3 Kg8 31. Kf2 Kf7 32. Kf3 Kg8 33. Ke4 Kf7 34. Kf5 a6 35. Qd5+ Kf8 36. Qd6+ Kf7 37. a4 b5 38. axb5 axb5 39. Qd5+ Kf8 40. Kg6 Ke7 41. Qxb5 Qc7 42. Kxg7 Qxf4 43. Qf5 Qd4 44. d8Q+ Kxd8 45. Qxf6+ Qxf6+ 46. Kxf6 1-0

[Event "AUT-ch Blitz"]
[Site "Innsbruck"]
[Date "2025.06.21"]
[Round "1"]
[White "Kummer, Helmut"]
[Black "Mandzhieva, Altana"]
[Result "1-0"]
[WhiteElo "2195"]
[BlackElo "1723"]
[PlyCount "79"]
[EventDate "2025.06.21"]
[EventType "swiss (blitz)"]
[EventRounds "11"]
[EventCountry "AUT"]
[SourceTitle "CB26_2025"]
[SourceDate "2025.06.25"]
[SourceVersion "1"]
[SourceVersionDate "2025.06.25"]
[SourceQuality "1"]

1. d4 Nf6 2. c4 g6 3. Nc3 Bg7 4. e4 d6 5. Be2 Nbd7 6. Nf3 0-0 7. 0-0 c5 8. d5 Ne5 9. Nxe5 dxe5 10. Be3 b6 11. Qd2 a6 12. a4 Qd6 13. f3 Bb7 14. a5 Nd7 15. axb6 Nxb6 16. Ra5 Rac8 17. Ra3 e6 18. Rd1 f5 19. Rb3 exd5 20. Nxd5 Bxd5 21. cxd5 Rb8 22. Bxa6 f4 23. Bf2 Ra8 24. Bb5 Rfb8 25. Bc6 Ra6 26. Rc3 Na4 27. Bxa4 Rxa4 28. Bxc5 Qd7 29. d6 Bf8 30. Ba3 g5 31. Qd5+ Kg7 32. Qxe5+ Kg8 33. Qd5+ Kh8 34. e5 Bg7 35. Rc7 Qf5 36. e6 Qxd5 37. Rxd5 Ra6 38. d7 Ra4 39. Rc8+ Rxc8 40. dxc8Q+ 1-0

[Event "AUT-ch Blitz"]
[Site "Innsbruck"]
[Date "2025.06.21"]
[Round "8"]
[White "Wohlfahrt, Herbert J"]
[Black "Kummer, Helmut"]
[Result "1/2-1/2"]
[WhiteElo "2362"]
[BlackElo "2195"]
[PlyCount "131"]
[EventDate "2025.06.21"]
[EventType "swiss (blitz)"]
[EventRounds "11"]
[EventCountry "AUT"]
[SourceTitle "CB26_2025"]
[SourceDate "2025.06.25"]
[SourceVersion "1"]
[SourceVersionDate "2025.06.25"]
[SourceQuality "1"]

1. Nf3 d5 2. c4 e6 3. g3 Nf6 4. Bg2 Be7 5. 0-0 0-0 6. b3 b6 7. Bb2 Bb7 8. e3 Nbd7 9. Nc3 c6 10. Qe2 e5 11. cxd5 cxd5 12. d4 e4 13. Ne5 a6 14. Rac1 Bd6 15. f4 exf3 16. Qxf3 Nxe5 17. dxe5 Bxe5 18. Qf5 Re8 19. Rfd1 Qe7 20. e4 dxe4 21. Na4 Bxb2 22. Nxb2 Rac8 23. Nc4 b5 24. Ne3 Rxc1 25. Rxc1 g6 26. Qf4 Qe5 27. Qxe5 Rxe5 28. Rc7 Bd5 29. Rc5 Kf8 30. g4 h6 31. Rc7 a5 32. Ra7 a4 33. bxa4 bxa4 34. Rxa4 Be6 35. h3 Nd5 36. Nc4 Rg5 37. Bxe4 h5 38. Kf2 Nc3 39. Ra8+ Kg7 40. Bd3 Rc5 41. Ne3 Nxa2 42. gxh5 gxh5 43. h4 Rc3 44. Be4 Nb4 45. Ra1 Nd3+ 46. Ke2 Ne5 47. Rg1+ Kf8 48. Nd5 Bxd5 49. Bxd5 Rc5 50. Be4 Ng4 51. Ra1 f5 52. Bf3 Kg7 53. Ra7+ Kf6 54. Ra6+ Ke5 55. Ra8 Rc2+ 56. Kd3 Rf2 57. Be2 Rh2 58. Re8+ Kf4 59. Rf8 Rxh4 60. Kd4 Rh2 61. Bd3 Rd2 62. Rxf5+ Kg3 63. Rxh5 Nf2 64. Rg5+ Kh4 65. Rg8 Rxd3+ 66. Kc4 1/2-1/2

[Event "AUT-ch Rapid"]
[Site "Innsbruck"]
[Date "2025.06.20"]
[Round "7"]
[White "Kummer, Helmut"]
[Black "Muehlbacher, Bernhard"]
[Result "0-1"]
[WhiteElo "2195"]
[BlackElo "1960"]
[PlyCount "120"]
[EventDate "2025.06.19"]
[EventType "swiss (rapid)"]
[EventRounds "9"]
[EventCountry "AUT"]
[SourceTitle "CB26_2025"]
[SourceDate "2025.06.25"]
[SourceVersion "1"]
[SourceVersionDate "2025.06.25"]
[SourceQuality "1"]

1. d4 Nf6 2. c4 g6 3. Nc3 d5 4. Nf3 Bg7 5. Bg5 c6 6. e3 0-0 7. Bd3 Bg4 8. h3 Be6 9. Qe2 dxc4 10. Bxc4 Bxc4 11. Qxc4 Qa5 12. 0-0 b5 13. Qd3 Nbd7 14. Rfc1 Rac8 15. Qb1 Rfe8 16. b4 Qb6 17. Bf4 Nd5 18. Nxd5 cxd5 19. Qb2 h6 20. Rxc8 Rxc8 21. Rc1 Qb7 22. Ne5 Nxe5 23. Bxe5 Bxe5 24. dxe5 e6 25. Kh2 Rc4 26. Rxc4 dxc4 27. f4 Qe4 28. Qa3 Qb7 29. Kg3 Qc7 30. Qc3 Qd7 31. Kf2 a6 32. Ke2 Qd5 33. Kf2 Qd1 34. Qe1 Qc2+ 35. Qe2 Qc3 36. Qe1 Qb2+ 37. Kf3 c3 38. Qd1 Qxb4 39. Qd8+ Qf8 40. Qc7 b4 41. g4 Qa8+ 42. Kf2 a5 43. f5 gxf5 44. gxf5 exf5 45. e6 fxe6 46. Qd7 Qd5 47. Qe8+ Kg7 48. Qe7+ Kg6 49. Qe8+ Kf6 50. Qf8+ Ke5 51. Qh8+ Kd6 52. Qd8+ Kc6 53. Qe8+ Kc5 54. Qa4 Kb6 55. Qe8 Qxa2+ 56. Kf3 Qd5+ 57. Kg3 Qd6+ 58. Kh4 c2 59. Qc8 b3 60. Qc3 Qb4+ 0-1

[Event "AUT-ch Rapid"]
[Site "Innsbruck"]
[Date "2025.06.20"]
[Round "9"]
[White "Kummer, Helmut"]
[Black "Spierings, Benjamin"]
[Result "1-0"]
[WhiteElo "2195"]
[BlackElo "1792"]
[PlyCount "101"]
[EventDate "2025.06.19"]
[EventType "swiss (rapid)"]
[EventRounds "9"]
[EventCountry "AUT"]
[SourceTitle "CB26_2025"]
[SourceDate "2025.06.25"]
[SourceVersion "1"]
[SourceVersionDate "2025.06.25"]
[SourceQuality "1"]

1. d4 Nf6 2. c4 c5 3. d5 b5 4. cxb5 a6 5. b6 Qxb6 6. Nc3 g6 7. e4 d6 8. Nf3 Bg7 9. a4 0-0 10. a5 Qb7 11. Nd2 Nbd7 12. Nc4 Rb8 13. Be2 Ne5 14. Nb6 Ned7 15. Nc4 Ne5 16. Nxe5 dxe5 17. 0-0 Bd7 18. Bc4 Qb4 19. Qe2 Bb5 20. Bxb5 axb5 21. f3 Rfc8 22. Be3 Nd7 23. d6 e6 24. Rfd1 c4 25. a6 Ra8 26. a7 Bf8 27. Ra6 Nc5 28. Bxc5 Qxc5+ 29. Qf2 b4 30. Qxc5 Rxc5 31. Na4 Rb5 32. d7 Be7 33. d8Q+ Bxd8 34. Rxd8+ Rxd8 35. a8Q Rxa8 36. Rxa8+ Kg7 37. Kf2 Rb7 38. Ke2 Rc7 39. Kd2 Rd7+ 40. Kc2 f5 41. Nc5 Rd6 42. Ra6 Rxa6 43. Nxa6 Kf6 44. Nxb4 Kg5 45. Kc3 Kf4 46. Kxc4 fxe4 47. fxe4 Kxe4 48. Nc2 Kf4 49. b4 e4 50. b5 Ke5 51. Kc5 1-0

[Event "AUT-ch Blitz"]
[Site "Innsbruck"]
[Date "2024.06.01"]
[Round "3"]
[White "Leonov, Leonid"]
[Black "Kummer, Helmut"]
[Result "0-1"]
[WhiteElo "1926"]
[BlackElo "2031"]
[PlyCount "100"]
[EventDate "2024.06.01"]
[EventType "swiss (blitz)"]
[EventRounds "11"]
[EventCountry "AUT"]
[SourceTitle "CBM 220 Extra"]
[Source "ChessBase"]
[SourceDate "2024.07.31"]
[SourceVersion "1"]
[SourceVersionDate "2024.07.31"]
[SourceQuality "1"]

1. e4 g6 2. d4 Bg7 3. Nc3 c6 4. f4 d5 5. e5 h5 6. Be3 Nh6 7. h3 Nf5 8. Bf2 h4 9. Bd3 Bh6 10. Qf3 Na6 11. a3 Nc7 12. Nge2 Ne6 13. 0-0-0 b5 14. Bxf5 gxf5 15. g4 hxg3 16. Nxg3 Bxf4+ 17. Kb1 Bxg3 18. Bxg3 f4 19. Bxf4 Nxf4 20. Qxf4 Be6 21. Ne2 Qb6 22. Qd2 0-0-0 23. Nf4 Bf5 24. Qc3 e6 25. Rd2 a5 26. h4 Kd7 27. Nd3 Bxd3 28. Qxd3 Rdg8 29. Qf3 Ke8 30. Qf6 Qd8 31. Qxd8+ Kxd8 32. Rf2 Ke7 33. c3 Rg4 34. Rfh2 Rh5 35. Kc2 f5 36. exf6+ Kxf6 37. Rf2+ Ke7 38. Rfh2 Kd6 39. Rh3 e5 40. dxe5+ Kxe5 41. Kd3 c5 42. Re3+ Kd6 43. Reh3 c4+ 44. Ke3 Rg2 45. R1h2 Rg4 46. Kf3 Re4 47. Rh1 Ke5 48. R1h2 Kf6 49. Rf2 Rhxh4 50. Rxh4 Rxh4 0-1

[Event "AUT-ch Blitz"]
[Site "Innsbruck"]
[Date "2024.06.01"]
[Round "1"]
[White "Neubauer, Anton"]
[Black "Kummer, Helmut"]
[Result "0-1"]
[WhiteElo "1807"]
[BlackElo "2031"]
[PlyCount "50"]
[EventDate "2024.06.01"]
[EventType "swiss (blitz)"]
[EventRounds "11"]
[EventCountry "AUT"]
[SourceTitle "CBM 220 Extra"]
[Source "ChessBase"]
[SourceDate "2024.07.31"]
[SourceVersion "1"]
[SourceVersionDate "2024.07.31"]
[SourceQuality "1"]

1. e4 e5 2. Nf3 Nc6 3. Bb5 Nf6 4. d3 Bc5 5. c3 d6 6. h3 0-0 7. 0-0 h6 8. Re1 Bb6 9. a3 Bd7 10. Bc4 Ne7 11. Nbd2 Ng6 12. Nf1 Be6 13. Bb5 c6 14. Ba4 Re8 15. Be3 Qc7 16. Rc1 d5 17. Bxb6 axb6 18. Qd2 Rad8 19. Bc2 dxe4 20. N3h2 exd3 21. Bd1 Nf4 22. Ng3 c5 23. Nf3 Bd5 24. Nf5 Kh7 25. Ne3 Ne4 0-1

[Event "AUT-ch Rapid"]
[Site "Innsbruck"]
[Date "2024.05.30"]
[Round "2"]
[White "Sovago, Philipp"]
[Black "Kummer, Helmut"]
[Result "1/2-1/2"]
[WhiteElo "1982"]
[BlackElo "2145"]
[PlyCount "45"]
[EventDate "2024.05.30"]
[EventType "swiss (rapid)"]
[EventRounds "9"]
[EventCountry "AUT"]
[SourceTitle "CBM 220 Extra"]
[Source "ChessBase"]
[SourceDate "2024.07.31"]
[SourceVersion "1"]
[SourceVersionDate "2024.07.31"]
[SourceQuality "1"]

1. d4 Nf6 2. c4 e5 3. dxe5 Ng4 4. Bf4 Nc6 5. Nf3 Bb4+ 6. Nc3 Bxc3+ 7. bxc3 Qe7 8. Qd5 f6 9. exf6 Nxf6 10. Qd3 d6 11. g3 0-0 12. Bg2 Bg4 13. 0-0 Rae8 14. Nd4 Bxe2 15. Nxe2 Qxe2 16. Qxe2 Rxe2 17. Rab1 Na5 18. c5 dxc5 19. Bxb7 Nxb7 20. Rxb7 Nd5 21. Rxa7 Nxf4 22. gxf4 Rxf4 23. Rxc7 1/2-1/2

[Event "AUT-chT2O 2324"]
[Site "Austria"]
[Date "2024.04.21"]
[Round "11.4"]
[White "Kummer, Helmut"]
[Black "Plachetka, Jan"]
[Result "1/2-1/2"]
[WhiteElo "2203"]
[BlackElo "2278"]
[PlyCount "24"]
[EventDate "2023.10.13"]
[EventType "team-tourn"]
[EventRounds "11"]
[EventCountry "AUT"]
[SourceTitle "EXT 2025"]
[Source "ChessBase"]
[SourceDate "2024.10.14"]
[SourceVersion "1"]
[SourceVersionDate "2024.10.14"]
[SourceQuality "1"]
[WhiteTeam "Donaustadt"]
[BlackTeam "Bad Voeslau"]
[WhiteTeamCountry "AUT"]
[BlackTeamCountry "AUT"]

1. d4 Nf6 2. c4 e6 3. Nf3 b6 4. g3 Ba6 5. b3 d5 6. Bg2 Bb4+ 7. Bd2 Be7 8. Nc3 c6 9. 0-0 0-0 10. cxd5 cxd5 11. Bc1 Nc6 12. Bb2 Rc8 1/2-1/2

[Event "AUT-chT2O 2324"]
[Site "Austria"]
[Date "2023.11.05"]
[Round "5.4"]
[White "Kummer, Helmut"]
[Black "Woeber, Friedrich"]
[Result "1/2-1/2"]
[WhiteElo "2203"]
[BlackElo "2100"]
[PlyCount "88"]
[EventDate "2023.10.13"]
[EventType "team-tourn"]
[EventRounds "11"]
[EventCountry "AUT"]
[SourceTitle "EXT 2025"]
[Source "ChessBase"]
[SourceDate "2024.10.14"]
[SourceVersion "1"]
[SourceVersionDate "2024.10.14"]
[SourceQuality "1"]
[WhiteTeam "Donaustadt"]
[BlackTeam "Krems Voest"]
[WhiteTeamCountry "AUT"]
[BlackTeamCountry "AUT"]

1. d4 d5 2. c4 e6 3. Nc3 Nf6 4. Bg5 Be7 5. e3 h6 6. Bh4 0-0 7. Nf3 Ne4 8. Bxe7 Qxe7 9. cxd5 Nxc3 10. bxc3 exd5 11. Qb3 Rd8 12. c4 dxc4 13. Bxc4 Nc6 14. Qb2 Bg4 15. Be2 Qb4+ 16. Qxb4 Nxb4 17. 0-0 Nd5 18. Rfc1 c6 19. Rab1 Rab8 20. Kf1 f6 21. Bc4 Be6 22. Nd2 Kf7 23. Rb2 Nb6 24. Bxe6+ Kxe6 25. Ne4 Nd7 26. Ke2 f5 27. Nd2 Rdc8 28. Rbc2 Kd5 29. f3 f4 30. exf4 Kxd4 31. Nc4 Re8+ 32. Kf2 Nc5 33. Rd1+ Nd3+ 34. Kf1 b5 35. Ne5 Rxe5 36. fxe5 c5 37. Rxc5 Kxc5 38. Rxd3 g5 39. Rd7 a5 40. e6 Rb6 41. Ra7 a4 42. e7 Re6 43. a3 Kb6 44. Rd7 Kc6 1/2-1/2

[Event "AUT-ch"]
[Site "Vienna"]
[Date "2023.07.24"]
[Round "3"]
[White "Kummer, Helmut"]
[Black "Berger, Tobias"]
[Result "0-1"]
[WhiteElo "2216"]
[BlackElo "2017"]
[PlyCount "162"]
[EventDate "2023.07.22"]
[EventType "swiss"]
[EventRounds "9"]
[EventCountry "AUT"]
[SourceTitle "CBM 215 Extra"]
[Source "ChessBase"]
[SourceDate "2023.09.30"]
[SourceVersion "1"]
[SourceVersionDate "2023.09.30"]
[SourceQuality "1"]

1. d4 Nf6 2. c4 g6 3. Nc3 d5 4. Bf4 Bg7 5. e3 0-0 6. Nf3 c5 7. dxc5 Qa5 8. Nd2 Ne4 9. Ndxe4 dxe4 10. Rc1 Na6 11. Be2 Rd8 12. Qb3 Nxc5 13. Qb5 Qxb5 14. Nxb5 Bxb2 15. Rc2 Bg7 16. 0-0 e5 17. Bg3 Be6 18. Nc7 Rac8 19. Nxe6 Nxe6 20. Rb1 b6 21. f3 Nc5 22. Kf1 f5 23. f4 Nd3 24. fxe5 Bxe5 25. Bxe5 Nxe5 26. Rb5 Nd3 27. Rb1 Nc5 28. g3 Rc7 29. h4 Kg7 30. Kf2 Kf6 31. g4 Rcd7 32. gxf5 gxf5 33. Rg1 Rd2 34. Rxd2 Rxd2 35. Rg8 Rxa2 36. Rf8+ Ke5 37. Re8+ Ne6 38. Kf1 Kd6 39. Rh8 a5 40. Rxh7 a4 41. h5 f4 42. Bg4 fxe3 43. Rh6 Rf2+ 44. Ke1 a3 45. Rxe6+ Kc5 46. Rxe4 a2 47. Rxe3 Rg2 48. Ra3 Rg1+ 49. Kd2 a1Q 50. Rxa1 Rxa1 51. Be6 Rh1 52. Bf7 Kd4 53. Kc2 Rh3 54. Kb2 Rf3 55. Bg8 Rf8 56. Be6 Ke5 57. Bd5 Rf5 58. Kb3 Rxh5 59. Kb4 Kd6 60. Kb5 Kc7 61. Ka6 Rh3 62. Kb5 Rb3+ 63. Ka4 Rb2 64. Ka3 Rb1 65. Ka2 Re1 66. Kb3 Kd6 67. Kb4 Rb1+ 68. Kc3 Kc5 69. Kc2 Rg1 70. Bf7 Rg3 71. Kb2 Kb4 72. Kc2 Rc3+ 73. Kb2 Rxc4 74. Kb1 Rf4 75. Bg6 Rf2 76. Ka1 b5 77. Be8 Ka3 78. Kb1 b4 79. Bg6 b3 80. Ka1 Rf1+ 81. Bb1 b2# 0-1

[Event "AUT-ch Seniors 50"]
[Site "Vienna"]
[Date "2023.05.20"]
[Round "6"]
[White "Ivancsics, Michael"]
[Black "Kummer, Helmut"]
[Result "1/2-1/2"]
[WhiteElo "2119"]
[BlackElo "2214"]
[PlyCount "24"]
[EventDate "2023.05.15"]
[EventType "swiss"]
[EventRounds "7"]
[EventCountry "AUT"]
[SourceTitle "CBM 214 Extra"]
[Source "ChessBase"]
[SourceDate "2023.07.31"]
[SourceVersion "1"]
[SourceVersionDate "2023.07.31"]
[SourceQuality "1"]

1. d4 Nf6 2. c4 e6 3. g3 c5 4. d5 exd5 5. cxd5 d6 6. a4 g6 7. Ra3 Bg7 8. Re3+ Kf8 9. Ra3 Ke7 10. Re3+ Kf8 11. Ra3 Ke7 12. Re3+ Kf8 1/2-1/2

[Event "AUT-chT2O 2223"]
[Site "Austria"]
[Date "2023.04.23"]
[Round "11.1"]
[White "Kummer, Helmut"]
[Black "Pulpan, Jakub"]
[Result "1/2-1/2"]
[WhiteElo "2198"]
[BlackElo "2408"]
[PlyCount "146"]
[EventDate "2022.10.15"]
[EventType "team-tourn"]
[EventRounds "11"]
[EventCountry "AUT"]
[SourceTitle "EXT 2024"]
[Source "ChessBase"]
[SourceDate "2023.10.10"]
[SourceVersion "1"]
[SourceVersionDate "2023.10.10"]
[SourceQuality "1"]
[WhiteTeam "Purbach/Donnerskirchen"]
[BlackTeam "Bad Voeslau"]
[WhiteTeamCountry "AUT"]
[BlackTeamCountry "AUT"]

1. d4 Nf6 2. c4 e6 3. Nf3 d5 4. Nc3 c5 5. cxd5 exd5 6. g3 Nc6 7. Bg2 cxd4 8. Nxd4 Bc5 9. Nb3 Bb6 10. Nxd5 Be6 11. e4 Bg4 12. Qd3 Nxd5 13. exd5 0-0 14. 0-0 Ne5 15. Qc3 Re8 16. Bf4 Rc8 17. Bxe5 Rxc3 18. Bxc3 Qd7 19. Rfe1 Rd8 20. Bd4 h5 21. Bxb6 axb6 22. h4 Qf5 23. Re4 g6 24. Rae1 Qf6 25. Rd4 Kg7 26. Rd2 g5 27. hxg5 Qxg5 28. Re3 Rd6 29. Nd4 h4 30. gxh4 Qxh4 31. Rg3 Kf8 32. Nb5 Rh6 33. Nc3 Qh2+ 34. Kf1 Bh3 35. Bxh3 Rxh3 36. Rxh3 Qxh3+ 37. Ke1 Ke7 38. d6+ Kd7 39. Kd1 b5 40. a3 b4 41. axb4 Qg4+ 42. Kc2 Qxb4 43. Rd5 Qf4 44. Rd2 Qf5+ 45. Kc1 Qc5 46. Kd1 b5 47. Ke1 Qc4 48. Nd1 f5 49. Nc3 b4 50. Na4 Kd8 51. Nb6 Qe4+ 52. Kd1 Qf3+ 53. Ke1 Qe4+ 54. Kd1 f4 55. Nd5 f3 56. Kc1 Qc4+ 57. Kd1 b3 58. Ne3 Qe4 59. Ke1 Kd7 60. Rd1 Qb4+ 61. Rd2 Qa5 62. Nd1 Qe5+ 63. Ne3 Qh8 64. Nf1 Qe5+ 65. Ne3 Qa5 66. Nd1 Qc5 67. Ne3 Qc1+ 68. Nd1 Qb1 69. Rd4 Qg6 70. Ne3 Qg1+ 71. Nf1 Qg8 72. Ne3 Qa8 73. Rd2 Qa1+ 1/2-1/2

[Event "AUT-chT2O 2223"]
[Site "Austria"]
[Date "2023.01.21"]
[Round "6.4"]
[White "Peyrer, Konstantin"]
[Black "Kummer, Helmut"]
[Result "0-1"]
[WhiteElo "2402"]
[BlackElo "2198"]
[PlyCount "76"]
[EventDate "2022.10.15"]
[EventType "team-tourn"]
[EventRounds "11"]
[EventCountry "AUT"]
[SourceTitle "CBM 213 Extra"]
[Source "ChessBase"]
[SourceDate "2023.05.31"]
[SourceVersion "1"]
[SourceVersionDate "2023.05.31"]
[SourceQuality "1"]
[WhiteTeam "Ottakring"]
[BlackTeam "Purbach/Donnerskirchen"]
[WhiteTeamCountry "AUT"]
[BlackTeamCountry "AUT"]

1. e4 e5 2. Nf3 Nc6 3. Bb5 Nf6 4. 0-0 Nxe4 5. Re1 Nd6 6. a4 Be7 7. Nc3 a6 8. Bf1 e4 9. Nxe4 Nxe4 10. Rxe4 d5 11. Re1 0-0 12. d4 Bg4 13. c3 Bd6 14. h3 Bh5 15. Bd3 Bg6 16. Bxg6 hxg6 17. a5 Qd7 18. Qb3 Rab8 19. Bg5 Qf5 20. Re3 b6 21. g4 Qd7 22. axb6 Rxb6 23. Qa2 a5 24. Ne1 f6 25. Bh4 g5 26. Qxd5+ Rf7 27. Bg3 Bxg3 28. Qxd7 Rxd7 29. Rxg3 Rxb2 30. Re3 Kf7 31. Ra4 Ne7 32. Rxa5 Nd5 33. Rf3 Rb1 34. Kh2 Rxe1 35. c4 Ne7 36. Rxg5 Rxd4 37. Rc5 c6 38. Rb3 Rc1 0-1

[Event "AUT-chT2O 2122"]
[Site "Austria"]
[Date "2022.04.02"]
[Round "10.4"]
[White "Kummer, Helmut"]
[Black "Alvir, Aco"]
[Result "0-1"]
[WhiteElo "2253"]
[BlackElo "2340"]
[PlyCount "80"]
[EventDate "2021.10.16"]
[EventType "team-tourn"]
[EventRounds "11"]
[EventCountry "AUT"]
[SourceTitle "EXT 2023"]
[Source "ChessBase"]
[SourceDate "2022.10.05"]
[SourceVersion "1"]
[SourceVersionDate "2022.10.05"]
[SourceQuality "1"]
[WhiteTeam "Donaustadt"]
[BlackTeam "Pamhagen II"]
[WhiteTeamCountry "AUT"]
[BlackTeamCountry "AUT"]

1. d4 Nf6 2. c4 g6 3. Nc3 Bg7 4. e4 d6 5. Be2 0-0 6. Bg5 c5 7. d5 e6 8. Nf3 exd5 9. cxd5 a6 10. a4 h6 11. Bf4 Bg4 12. h3 Bxf3 13. Bxf3 Qe7 14. 0-0 Nbd7 15. Re1 Nh7 16. Be2 Rfe8 17. Bf1 Bd4 18. Qd2 Qf6 19. Rad1 Ng5 20. h4 Nh7 21. Bxh6 Qxh4 22. Be3 Ne5 23. Be2 Bxc3 24. bxc3 Qxe4 25. a5 Qf5 26. Rb1 Re7 27. f3 Rae8 28. Bf2 g5 29. Rb6 Rd8 30. Bf1 Rdd7 31. c4 Nf8 32. Rb3 Nfg6 33. Rbe3 Qf6 34. Qc3 Rd8 35. Re4 Rde8 36. Qc1 Nf4 37. Qe3 Qh6 38. Qc1 Nh3+ 39. gxh3 Nxf3+ 40. Kg2 Rxe4 0-1